=LDR 00000nam 2200000 4500 =001 INLIS000000000031568 =005 20150406101913.0 =006 =007 =008 ind =035 ##$$0010-061300000031568 =041 ##$$a ind =082 ##$$a 813 =090 ##$$a 813, Sas, c =100 ##$$a SASONGKO, Setiawan G =245 ##$$a Cip Si Wartawan Cilik , Trik Sang residivis , Setiawan G. Sasongko =260 ##$$a Jakarta $b Zikrul Kids $c 2008 =300 ##$$a 142 hlm, , Ilus , 15 cm =650 ##$$a FIKSI INDONESIA =700 ##$$a IHSAN, m =850 ##$$a NBPNMAT =990 ##$$a 0001/BPAP-NTB/20142014 =990 ##$$a 0001/BPAP-NTB/20142015 =990 ##$$a 3119331193 =990 ##$$a 20903553 =990 ##$$a 0001/BPAP-NTB/20142014 =990 ##$$a 0001/BPAP-NTB/20142015